| 000 | 00692nam a2200193 a 4500 | ||
|---|---|---|---|
| 001 | 001025757 | ||
| 003 | AM-YeHGA | ||
| 005 | 20250617150734.0 | ||
| 008 | 140618s2000 ru r 000 0 rus d | ||
| 040 | _aAM-YeHGA | ||
| 041 | 0 | _arus | |
| 100 | 1 | _aГранто, Э.А. | |
| 245 | 1 | 0 |
_aИранские имена из Приурмийского района в IX-VIII вв. до н.э. / _cЭ.А. Гранто. |
| 260 |
_aБ. г. : _bБ. и., _cБ. г. |
||
| 300 | _a250-265 с. | ||
| 500 | _aОттиск: <<Иранские имена из Приурмийского района в IX-VIII вв. до н.э.>> -с.250-265 | ||
| 650 | 1 | 4 | _aИстория Ирана |
| 090 | _c339038 | ||
| 999 |
_c337259 _d337259 |
||